Disgrace (Record no. 8363)

MARC details
000 -LEADER
fixed length control field 00486cam a2200217ua 4500
001 - CONTROL NUMBER
control field 9304
005 - DATE AND TIME OF LATEST TRANSACTION
control field 20260515114442.0
008 - FIXED-LENGTH DATA ELEMENTS--GENERAL INFORMATION
fixed length control field 150302n enk |||gr||||Z||||||eng
020 ## - INTERNATIONAL STANDARD BOOK NUMBER
International Standard Book Number 9780099284826
040 ## - CATALOGING SOURCE
Transcribing agency MAIN
041 ## - LANGUAGE CODE
Language code of text/sound track or separate title eng
082 ## - DEWEY DECIMAL CLASSIFICATION NUMBER
Classification number 823
100 ## - MAIN ENTRY--PERSONAL NAME
Personal name Coetzee, J M,
Relator term Author.
245 12 - TITLE STATEMENT
Title Disgrace
Statement of responsibility, etc. by J M Coetzee
250 ## - EDITION STATEMENT
Edition statement 1st.
260 ## - PUBLICATION, DISTRIBUTION, ETC.
Place of publication, distribution, etc. London:
Name of publisher, distributor, etc. Vintage,
Date of publication, distribution, etc. 2000.
300 ## - PHYSICAL DESCRIPTION
Extent 220p.
653 ## - INDEX TERM--UNCONTROLLED
Uncontrolled term English fiction
653 ## - INDEX TERM--UNCONTROLLED
Uncontrolled term English novel
942 ## - ADDED ENTRY ELEMENTS (KOHA)
Koha item type Books
Holdings
Withdrawn status Lost status Damaged status Not for loan Home library Current library Shelving location Date acquired Total checkouts Full call number Barcode Date last seen Copy number Price effective from Koha item type
        Naharkatiya College Library Naharkatiya College Library General stacks 09/19/2020   823 | COE 21170 09/19/2020 1 09/19/2020 Books